| 000 | 01416 a2200289 4500 | ||
|---|---|---|---|
| 003 | Nust | ||
| 005 | 20170207152535.0 | ||
| 010 | _a 2006932181 | ||
| 020 | _a0387446397 | ||
| 035 | _a(CStRLIN)MNUGA004933619-B | ||
| 040 | _cNust | ||
| 082 | 0 | 0 | _a006.33 |
| 245 | 1 | 0 |
_aIntelligent information processing III : _bIFIP TC12 International Conference on Intelligent Information Processing (IIP 2006), September 20-23, Adelaide, Australia / _cedited by Zhongzhi Shi, K. Shimohara, D. Feng. |
| 260 |
_aNew York : _bSpringer Science+Business Media, _cc2006. |
||
| 300 |
_axix, 580 p. : _bill. ; _c25 cm. |
||
| 490 | 1 |
_aIFIP series ; _v228 |
|
| 505 | _aMulti Agent Systems Page 1,Automated Reasoning Page 43, Semantic Web And Ontology Page 81,Search Technology Page 151,Machine Learning Page 187,Expert System Page 279, Image Processing Page 357, Natural Language Processing Page 411, Ubiquitous Computing Page 463 | ||
| 538 | _aAlmirah No.22 Shelf No. 4 | ||
| 650 | 0 | _aDatabase management | |
| 650 | 0 | _aExpert systems (Computer science) | |
| 700 | 1 | _aFeng, David Dagan. | |
| 700 | 1 | _aShi, Zhongzhi. | |
| 700 | 1 | _aShimohara, Katsunori. | |
| 830 | 0 | _aInternational Federation for Information Processing (Series) ; | |
| 856 | 4 | 2 |
_3Publisher description _uhttp://www.loc.gov/catdir/enhancements/fy0825/2006932181-d.html |
| 856 | 4 | 2 |
_3Table of contents only _uhttp://www.loc.gov/catdir/enhancements/fy0825/2006932181-t.html |
| 942 |
_2ddc _cBK |
||
| 999 |
_c176847 _d176847 |
||